Normal view
MARC view
Entry Personal Name
001 - CONTROL NUMBER
- control field: 28165
003 - CONTROL NUMBER IDENTIFIER
- control field: dpl
005 - DATE AND TIME OF LATEST TRANSACTION
- control field: 20110519104800.0
008 - FIXED-LENGTH DATA ELEMENTS
- fixed length control field: 110519|||a|||||| | ||| d
040 ## - CATALOGING SOURCE
- Original cataloging agency: dpl
- Transcribing agency: dpl
100 ## - HEADING--PERSONAL NAME
- Personal name: सरन, रेणु
670 ## - SOURCE DATA FOUND
- Source citation: Work cat.: (dpl)38839: सरन, रेणु, सच हुए सपने:, 2010
670 ## - SOURCE DATA FOUND
- Source citation: Work cat.: (dpl)38839: सरन, रेणु, सच हुए सपने:, 2010
